Cost Accounting : Theory & Practice (Record no. 4938)

MARC details
000 -LEADER
fixed length control field 00338nam a2200145Ia 4500
008 - FIXED-LENGTH DATA ELEMENTS--GENERAL INFORMATION
fixed length control field 191201s2011 xx 000 0 und d
082 ## - DEWEY DECIMAL CLASSIFICATION NUMBER
Classification number 657
Item number GUC
100 ## - MAIN ENTRY--PERSONAL NAME
Personal name GUPTA,Nirmal
245 #0 - TITLE STATEMENT
Title Cost Accounting : Theory & Practice
250 ## - EDITION STATEMENT
Edition statement 2nd
260 ## - PUBLICATION, DISTRIBUTION, ETC. (IMPRINT)
Place of publication, distribution, etc N. delhi
Name of publisher, distributor, etc Ane Books
Date of publication, distribution, etc 2011
300 ## - PHYSICAL DESCRIPTION
Extent 658
650 ## - SUBJECT ADDED ENTRY--TOPICAL TERM
Topical term or geographic name as entry element BBA
942 ## - ADDED ENTRY ELEMENTS (KOHA)
Source of classification or shelving scheme Dewey Decimal Classification
Koha item type Text Books
Holdings
Withdrawn status Lost status Source of classification or shelving scheme Damaged status Not for loan Collection code Home library Current library Date acquired Source of acquisition Cost, normal purchase price Bill Number Total Checkouts Full call number Acc. no. / Barcode Date last seen Date last borrowed Bill Date Koha item type
    Dewey Decimal Classification     BBA PIET C-LIBRARY PIET C-LIBRARY 30/07/2011 The book company 295.00 IN-859 3 657.42 GUC 17946 21/11/2023 17/11/2023 27/07/2011 Text Books
    Dewey Decimal Classification     BBA PIET C-LIBRARY PIET C-LIBRARY 30/07/2011 The book company 295.00 IN-859 1 657.42 GUC 17947 20/02/2023 17/02/2023 27/07/2011 Text Books
    Dewey Decimal Classification     BBA PIET C-LIBRARY PIET C-LIBRARY 30/07/2011 The book company 295.00 IN-859 2 657.42 GUC 17948 08/02/2025 13/01/2024 27/07/2011 Text Books
    Dewey Decimal Classification     BBA PIET C-LIBRARY PIET C-LIBRARY 30/07/2011 The book company 295.00 IN-859 3 657.42 GUC 17949 15/12/2025 19/11/2025 27/07/2011 Text Books
    Dewey Decimal Classification     BBA PIET C-LIBRARY PIET C-LIBRARY 30/07/2011 The book company 295.00 IN-859 1 657.42 GUC 17950 02/01/2026 15/12/2025 27/07/2011 Text Books

Design & Developed by: PIET Central Library
R70 Miles Stone Pattikalyana Samalkha Panipat 132102
mail ID :- [email protected], Phone No:- 0180-2569700 Ex.216